Inmunobiología. (Registro nro. 510)
[ vista simple ]
| 000 -LEADER | |
|---|---|
| fixed length control field | 01258cam a2200301 a 4500 |
| 005 - FECHA ULTIMA MODIFICACION | |
| control field | 20240619132807.0 |
| 008 - CAMPO DE CONTROL (LIBRO) | |
| fixed length control field | 100708s2003||||sp a f |||| 00| 0 spa d |
| 020 ## - INTERNATIONAL STANDARD BOOK NUMBER | |
| ISBN | 8445811762 |
| 041 ## - CODIGO DE IDIOMA | |
| Código de idioma del texto/pista de sonido o título separado | spa |
| 092 ## - SIGNATURA TOPOGRAFICA DEWEY LOCAL | |
| número de clasificación | 616.079 |
| libristica | 39 |
| sección | INM |
| 245 ## - TITULO PROPIAMENTE DICHO | |
| Título | Inmunobiología. |
| Subtítulo y Título paralelo | El sistema inmunitario en condiciones de salud y enfermedad / |
| Mención de responsabilidad y remanente de la transcripción de la portada | Charles A. Janeway |
| 250 ## - MENCION DE EDICION | |
| Mención de edición | 2a ed. versión en español de la 5a ed. en inglés |
| Mención de responsabilidad relacionada con la ed. | Traducción de Eva Sanz ; Mario Parraga ; Antonio de la Hera y Sofía Pérez del Pulgar Gallart |
| 260 ## - PIE DE IMPRENTA | |
| Lugar de publicación, distribución, etc | Barcelona: |
| Nombre de la editorial, distribuidor, etc | Masson; |
| Fecha de publicación | 2003. |
| 300 ## - DESCRIPCION FISICA | |
| Extension | 731 p. |
| Otros detalles físicos | il. |
| 500 ## - NOTA GENERAL | |
| Nota general | Janeway, C. A. Jr. et al. (2003). Inmunobiología. El sistema inmunitario en condiciones de salud y enfermedad. (2a ed.). Barcelona : Masson. |
| 653 ## - TÉRMINO INDIZADO - PALABRAS CLAVES | |
| Palabra clave | Introducción a la inmunobiología e inmunidad innata |
| 653 ## - TÉRMINO INDIZADO - PALABRAS CLAVES | |
| Palabra clave | Reconocimiento del antígeno |
| 653 ## - TÉRMINO INDIZADO - PALABRAS CLAVES | |
| Palabra clave | Desarrollo de repertorios de receptores de linfocitos maduros |
| 653 ## - TÉRMINO INDIZADO - PALABRAS CLAVES | |
| Palabra clave | Respuesta inmunitaria adaptativa |
| 653 ## - TÉRMINO INDIZADO - PALABRAS CLAVES | |
| Palabra clave | Sistema inmunitario en la salud y enfermedad |
| 700 1# - ENTRADAS SECUNDARIAS - NOMBRE PERSONAL | |
| Nombre personal | Janeway, Charles A. |
| 9 (RLIN) | 1052 |
| Fechas asociadas con el nombre | Jr. |
| 700 1# - ENTRADAS SECUNDARIAS - NOMBRE PERSONAL | |
| Nombre personal | Travers, Paul. |
| 9 (RLIN) | 1053 |
| 700 1# - ENTRADAS SECUNDARIAS - NOMBRE PERSONAL | |
| Nombre personal | Walport, Mark. |
| 9 (RLIN) | 1054 |
| 700 1# - ENTRADAS SECUNDARIAS - NOMBRE PERSONAL | |
| Nombre personal | Shlomchik, Mark J. |
| 9 (RLIN) | 1055 |
| 930 ## - NUMERO DE INVENTARIO | |
| Número de inventario | 1228 |
| 930 ## - NUMERO DE INVENTARIO | |
| Número de inventario | 1229 |
| 942 ## - ADDED ENTRY ELEMENTS (KOHA) | |
| Source of classification or shelving scheme | Dewey Decimal Classification |
| Item type | Libros |
| Estado de retiro | Existencia | Fuente de clasificación | Estado general | No para prestamo | Colección | Ubicación permanente | ubicación actual | Sala de ubicación | Fecha de adquisición | Total Checkouts | Número de clasificación | Código de barras | Date last seen | Número de ejemplar | Price effective from | Koha tipo de elemento (item) | Public note | Date last borrowed |
|---|---|---|---|---|---|---|---|---|---|---|---|---|---|---|---|---|---|---|
| Dewey Decimal Classification | Reference | Biblioteca Medicina | Biblioteca Medicina | Referencia | 13/05/2011 | 616.079 39 INM | 1228 | 06/11/2014 | ej.1 | 13/05/2011 | Reference | LIBRO DE CONSULTA | ||||||
| Biblioteca Medicina | Biblioteca Medicina | Circulación | 13/05/2011 | 3 | 616.079 39 INM | 1229 | 05/03/2025 | ej.2 | 13/05/2011 | Libros | 26/02/2025 |